| 000 | 00445nam a22001457a 4500 | ||
|---|---|---|---|
| 020 | _a0-07-007180-2 | ||
| 082 | _a629.254 BRA'A | ||
| 100 |
_aBRANDMAN, MONTE I _978182 |
||
| 245 | _aAUTOMOTIVE BASIC ELECTRICITY AND SIX STEP TROUBLESHOOTING PROCEDURE | ||
| 250 | _a2ND | ||
| 260 |
_aNEWYORK _bMCGRAW HILL _c1974 |
||
| 300 | _a225P | ||
| 650 |
_aAUTOMOBILES ELECTRIC EQUIPMENT MAINTENANCE AND REPAIR PROGRAMMED INSTRUCTION _978183 |
||
| 942 | _cBK | ||
| 999 |
_c583344 _d583344 |
||